LEADER 01085nam a2200241 4500 001 000000362306 003 CaOOAMICUS 005 20250325161002.0 008 250325s1949 it 000 u ita r 040 $aSeMil$bita 100 1 $aBaroni, Costantino,$d<1905-1956>.$0(OLS)http://semarc/name/26837 245 13$aLa Bibbia figurata di Vanni Rossi /$cCostantino Baroni, Gino Cornali. 264 1$aMilano :$bVincenzo Colonnello,$c1949. 300 $a18 p. ;$c25 cm 500 $aMostre personali di arte sacra all'Angelicum. - Mostra aperta dal 10 al 30 ottobre 1949 700 1 $aCornali, Gino.$0(OLS)http://semarc/name/121782 850 $aSeMil 852 $aSeMil$W1$xVenegono$y1$m5A VIII 5/25$j255459$B253226$CSeMilBibl$Z2$F253226 $86 961 $aCon dedica autografa di Vanni Rossi al Card. Alfredo Ildefonso Schuster (27/10/1949) 961 $aEsemplare n. 290 di 500 copie numerate 996 $6245$aLa Bibbia figurata di Vanni Rossi$9(OLS)http://semarc/title/453193 996 $6264$aMilano :$bVincenzo Colonnello$9(OLS)http://semarc/publisher/43270 LEADER 00930nam a2200229 i 4500 001 000000238941 003 CaOOAMICUS 005 20150217000000.0 008 150217s1945 it u000 u ita u 013 $a217846 040 $aSeMil$bita 100 1 $aPlehanov, Georgij Valentinovic.$0(OLS)http://semarc/name/81330 245 13$aLe questioni fondamentali del Marxismo /$cPlekhanov. 260 $aMilano :$bI.E.I.,$cstampa 1945. 300 $a187 p. ;$c22 cm. 490 0 $aBiblioteca di cultura sociale ;$v.[3] 650 4$aMarxismo - Saggi.$0(OLS)http://semarc/subject/5037 830 0$aBiblioteca di cultura sociale ;$v.[3].$0(OLS)http://semarc/title/18412 850 $aSeMil 852 $aSeMil$W1$xVenegono$y1$m3N II 101$j189287$B189287$CSeMilBibl$Z2$F200097 $81 996 $6245$aLe questioni fondamentali del Marxismo$9(OLS)http://semarc/title/340369 996 $6260$aMilano :$bI.E.I.$9(OLS)http://semarc/publisher/42769